000
00328nam a22001457a 4500
008
221025b ||||| |||| 00| 0 eng d
020
_a
9781416063537
041
_a
eng
080
_2
GUEST EDITION
_a
61
082
_a
61MAG
100
_a
5
101
_a
MJEK
245
_a
SLEEP MEDICINE CLINICS
_c
MAGALANG U
942
_2
udc
_c
BK
999
_c
58668
_d
58668